ARF family GTPases /

Bibliographic Details
Other Authors: Kahn, Richard A.
Format: Book
Language:English
Published: Dordrecht ; Boston : Kluwer Academic Publishers, [2003]
Series:Proteins and cell regulation ; 1.
Subjects:

MARC

Tag First Indicator Second Indicator Subfields
LEADER 00000pam a22000004a 4500
001 in00004497613
005 20191203131155.0
008 031014s2003 ne a b 000 0 eng
010 |a  2003062041 
020 |a 1402017197 (alk. paper) 
035 |a (OCoLC)ocm53331038 
035 |z (UtOrBLW)36709 
035 |a 53424 
040 |a DLC  |c DLC  |d UtOrBLW 
042 |a pcc 
049 |a TMVM  |c 1 
050 0 0 |a QP609.G83  |b A745 2003 
060 4 |a QU 141  |b A685 2003 
082 0 0 |a 571.6  |2 22 
245 0 0 |a ARF family GTPases /  |c edited by Richard A. Kahn. 
264 1 |a Dordrecht ;  |a Boston :  |b Kluwer Academic Publishers,  |c [2003] 
264 4 |c ©2003 
300 |a xxviii, 350 pages :  |b illustrations ;  |c 24 cm. 
336 |a text  |2 rdacontent  |b txt 
337 |a unmediated  |2 rdamedia 
338 |a volume  |2 rdacarrier  |b nc 
490 1 |a Proteins and cell regulation ;  |v 1 
504 |a Includes bibliographical references. 
505 0 |a The Arf family tree -- The GDP/GTP cycle of Arf proteins -- Arf and phospholipids -- The Sec7 family of Arf guanine nucleotide exchange factors -- Large Arf GEFs of the Golgi complex -- BIG1 and BIG2 : brefeldin A-inhibited exchange factors for Arfs -- Arf GTPase-activating Protein 1 -- GIT proteins : Arf gaps and signaling scaffolds -- Paxillin-associated Arf gaps -- Activation of cholera toxin and E. coli heat-labile enterotoxin (LT) by Arf -- Phospholipase D, Arfaptins and Arfophilin -- Coat proteins -- Heterotetrameric coat protein-Arf interactions -- Arf6 -- A role for Arf6 in G protein-coupled receptor desensitization -- Arf-like proteins 
650 2 |a GTPase-Activating Proteins. 
650 0 |a ADP-Ribosylation Factors. 
700 1 |a Kahn, Richard A. 
830 0 |a Proteins and cell regulation ;  |v 1. 
948 |a PO 8250 
999 |a MARS 
999 f f |s 4e1123e7-6de1-3850-9011-4737dca71d1a  |i 51592d4b-42e7-3c78-a49f-0b8f9adad11f  |t 0 
952 f f |p ric  |a Texas A&M University  |b Rellis Campus  |c Joint Library Facility  |d Remote Storage  |t 0  |e QU 141 A685 2003  |h National Library of Medicine classification  |i unmediated -- volume  |m 323890186989N 
998 f f |a QU 141 A685 2003  |t 0  |l Remote Storage